000 00294nam a22001337a 4500
008 170928b xxu||||| |||| 00| 0 eng d
020 _a9780321273512
041 _aeng
080 _28 ED
_a37
100 _a47
101 _aEDU
245 _aBRIDGING THE GAP
_cSMITH.B.D
942 _2udc
_cBK
999 _c30512
_d30512